Quiz sur 1974 - Statistiques

Statistiques générales
  • Ce quiz a été pris 48 fois
  • Le résultat moyen est 8 sur 20
Statistiques - réponses
Hint Réponse % Correct
Célèbre femme australopithèque découverte en 1974 et qui tient son nom d'une chanson des Beatles Lucy
95%
Grand écrivain français, auteur de La Gloire de Mon Père, décédé en 1974 Marcel Pagnol
86%
Fleur associé à la révolution portugaise du 25 avril 1974 contre l'Estado Novo Oeillet
84%
Pays de la corne de l'Afrique qui adhère cette année-là à la Ligue Arabe Somalie
70%
Président par intérim de la République Française à la suite de la mort subite de Georges Pompidou Alain Poher
59%
Président américain arrivé au pouvoir à la suite de la démission de Nixon Gerald Ford
52%
Région du monde dans laquelle le français devient la langue officielle par référendum Québec
48%
Pays qui lance son premier essai nucléaire en 1974 Inde
45%
Grand pilote de rallye français, né en 1974 Sébastien Loeb
43%
Homme d'état roumain qui fait son entrée à la présidence Nicolae Ceausescu
39%
Pays qui obtient avec le Cap-Vert son indépendance du Portugal avec les accords d'Alger Guinée-Bissau
36%
Célèbre écrivain dissident russe, expulsé d'URSS à la suite de la publication de son roman L'Archipel du Goulag Alexandre Soljenitsyne
32%
Célèbre empereur éthiopien renversé par un coup d'état Hailé Sélassié
32%
Avion du pionnier de l'aviation Charles Lindbergh, mort en 1974, à bord duquel il effectua le premier transatlantique aérien Spirit of Saint Louis
32%
Chanteur britannique, à ne pas confondre avec un célèbre acteur américain, ancien membre de Take That Robbie Williams
27%
Célèbre chanteur anglais, né en 1974, auteur entre autres de Cold et de Goodbye My Lover James Blunt
18%
Ville russe dans laquelle s'est tenu les accords sur la limitation des armes nucléaires en 1974 Vladivostok
18%
Célèbre militaire soviétique, tombeur de Stalingrad, disparu cette année-là Georgi Jukov
14%
Tête pensante de la Révolution portugaise, qui occupa le rôle de président à la suite de la déchéance d'Americo Tomas Antonio de Spinola
2%
Théorie proposée par Deng Xiaoping devant l'Assemblée Générale de l'ONU Théorie des trois mondes
0%
Aucun quiz correspondant
Distribution des résultats
% des personnes avec chaque résultat
Percentile par nombre de réponses
Votre historique - résultats
Vous n’avez pas pris ce quiz